[Event "2021 WA Open"]
[Site "Leeming, Perth WA"]
[Date "2021.06.13"]
[Round "5"]
[White "Hare, Tim"]
[Black "Stassen, Walter"]
[Result "1/2-1/2"]
[WhiteElo "2175"]
[BlackElo "1965"]
[EventDate "2021.05.16"]

1.c4 d6 2.Nc3 Nf6 3.Nf3 c6 4.b3 e5 5.Bb2 Be7 6.e3 Bg4 7.Be2 Nbd7 8.d4 Qa5 
9.O-O O-O 10.a3 Rfe8 11.b4 Qc7 12.Rc1 Rad8 13.h3 Bxf3 14.Bxf3 Bf8 15.Qc2 
g6 16.Qb1 Bh6 17.Rfd1 exd4 18.exd4 Bxc1 19.Rxc1 Nb6 20.Qa2 Qe7 21.d5 cxd5 
22.Nxd5 Nfxd5 23.cxd5 Rc8 24.Rxc8 Rxc8 25.Qa1 Qg5 26.Qd1 Nc4 27.Bc1 Qf6 
28.Bg4 Re8 29.Bd7 Re7 30.Qc2 Re1+ 31.Kh2 Qe5+ 32.f4 Qe2 33.Qc3 Qf1 34.Qf6 
Rxc1 35.Be6 Qg1+ 36.Kg3 Qe3+ 37.Kg4 Ne5+ 38.Kg5 Rc7 39.Qd8+ Kg7 40.Qf6+ 
Kg8 41.Qd8+ Kg7 1/2-1/2

[Event "2021 WA Open"]
[Site "Leeming, Perth WA"]
[Date "2021.06.13"]
[Round "5"]
[White "Sheridan, Wallace"]
[Black "Ong, Celine"]
[Result "1/2-1/2"]
[WhiteElo "1699"]
[BlackElo "1061"]
[EventDate "2021.05.16"]

1.d4 d5 2.Nf3 Nf6 3.e3 c5 4.c3 Nc6 5.dxc5 Bg4 6.h3 Bh5 7.Nbd2 e6 8.b4 a5 
9.Bb5 Nd7 10.Qb3 Be7 11.Bb2 O-O 12.a3 Bf6 13.O-O Qc7 14.c4 Ne7 15.cxd5 
Nxd5 16.Rac1 Bxb2 17.Qxb2 N7f6 18.Be2 Rfe8 19.Nc4 axb4 20.axb4 Ra4 21.g4 
Rxb4 22.Qd4 Bg6 23.Nfe5 Nd7 24.Nxd7 Qxd7 25.e4 Nf6 26.Qc3 Qa4 27.f3 Nd7 
28.Ra1 Qb3 29.Qd4 Rd8 30.Rfd1 f6 31.Ra3 Qc2 32.Bf1 e5 33.Qd6 Rxc4 34.Bxc4+
Qxc4 35.Qe7 Rf8 36.Rxd7 Bf7 37.Rad3 h6 38.Rd8 Rxd8 39.Rxd8+ Kh7 40.Rd7 Kg6
41.Qd6 Qc1+ 42.Kf2 Bc4 43.Qd1 Qb2+ 44.Rd2 Qb4 45.Qe1 Qxc5+ 46.Qe3 Qb4 47.
h4 b5 48.f4 Qb1 49.f5+ Kh7 50.Qe1 Qb3 51.Qe3 1/2-1/2

[Event "2021 WA Open"]
[Site "Leeming, Perth WA"]
[Date "2021.06.13"]
[Round "5"]
[White "Gough, Dylan"]
[Black "Calado, Edward"]
[Result "1/2-1/2"]
[WhiteElo "1672"]
[BlackElo "2139"]
[EventDate "2021.05.16"]

1.d4 Nf6 2.e3 e6 3.Nf3 Be7 4.Bd3 d5 5.Nbd2 c5 6.c3 cxd4 7.cxd4 Nc6 8.a3 
O-O 9.Bc2 Bd6 10.b4 Qb6 11.Rb1 a6 12.O-O e5 13.dxe5 Nxe5 14.Nxe5 Bxe5 15.
h3 Be6 16.Nf3 Bc3 17.Bb2 Bxb2 18.Rxb2 Ne4 19.Qd4 Qxd4 20.Nxd4 Nf6 21.Rd1 
Rfc8 22.Bf5 Bxf5 23.Nxf5 Kf8 24.Rbd2 Rc3 25.Rd3 Rac8 26.f3 g6 27.Ng3 R8c4 
28.Ne2 Rxd3 29.Rxd3 Ke7 30.Kf2 Kd6 31.Ke1 Rc2 32.Rd2 Rxd2 33.Kxd2 b5 34.
Kd3 Nd7 35.Kd4 Nb6 36.Nc3 f5 37.e4 dxe4 38.fxe4 fxe4 39.Nxe4+ Kc6 40.Nc5 
Nc4 41.a4 Nb6 42.a5 Nd5 43.Nxa6 Nf4 44.Nc5 Nxg2 45.Ne6 h6 46.Ke5 g5 47.
Nd4+ Kb7 48.Nxb5 Nf4 49.Nd6+ Ka6 50.Nf7 1/2-1/2

[Event "2021 WA Open"]
[Site "Leeming, Perth WA"]
[Date "2021.06.13"]
[Round "5"]
[White "Hardegen, Kathryn"]
[Black "Kinsman, Craig "]
[Result "1-0"]
[WhiteElo "2124"]
[BlackElo "2127"]
[EventDate "2021.04.06"]

1.d4 Nf6 2.c4 e6 3.Nc3 Bb4 4.Nf3 b6 5.e3 Bb7 6.Be2 Ne4 7.Qb3 Bxc3+ 8.bxc3 
d6 9.O-O O-O 10.Nd2 Nxd2 11.Bxd2 c5 12.f3 Nc6 13.Rfd1 Na5 14.Qa4 Qe8 15.
Qb5 Qc8 16.Rdc1 Ba6 17.Qa4 Qe8 18.Qc2 Bxc4 19.Bd3 Bxd3 20.Qxd3 c4 21.Qc2 
Qc6 22.e4 f6 23.Rf1 b5 24.f4 f5 25.Rae1 Rae8 26.Re2 d5 27.exf5 exf5 28.
Rfe1 Re4 29.Rxe4 fxe4 30.Rf1 Qb6 31.Be3 Nc6 32.Rb1 a5 33.Qe2 Rb8 34.Qh5 
Ne7 35.Qe5 Rb7 36.Bd2 Qf6 37.a4 Qxe5 38.dxe5 b4 39.cxb4 axb4 40.Rxb4 Rxb4 
41.Bxb4 Nc6 42.Ba3 Kf7 43.Kf2 Ke6 44.Ke3 Kf5 45.Bb2 Nb4 46.Bc3 Nc6 47.g3 
Ke6 48.g4 Kd7 49.f5 Ke7 50.h4 Kf7 51.e6+ Kf8 52.Bb2 Na5 53.g5 Kg8 54.f6 
gxf6 55.gxf6 1-0

[Event "2021 WA Open"]
[Site "Leeming, Perth WA"]
[Date "2021.06.13"]
[Round "5"]
[White "Yeung, Evan"]
[Black "Andador, Dominador"]
[Result "0-1"]
[WhiteElo "1664"]
[BlackElo "2124"]
[EventDate "2021.05.16"]

1.d4 Nf6 2.c4 e6 3.Nc3 d5 4.cxd5 exd5 5.Bg5 c6 6.Qc2 h6 7.Bh4 Be6 8.e3 
Nbd7 9.Bd3 g5 10.Bg3 Nh5 11.Nge2 Nxg3 12.Nxg3 Bg7 13.Nf5 Bxf5 14.Bxf5 Nb6 
15.Rd1 Qe7 16.O-O Rd8 17.Rfe1 O-O 18.Ne2 Nc8 19.Ng3 Nd6 20.Bd3 Rfe8 21.Nf5
Nxf5 22.Bxf5 Qf6 23.Bd3 Bf8 24.Qb3 Rd7 25.Bb1 Bd6 26.Qd3 Rde7 27.Qf5 Qxf5 
28.Bxf5 Kg7 29.a3 h5 30.b4 Kf6 31.Bd3 a6 32.Rb1 Ra8 33.a4 a5 34.b5 c5 35.
dxc5 Bxc5 36.Rec1 b6 37.Bc2 d4 38.exd4 Bxd4 39.Bd3 Bc5 40.Kf1 Rd8 41.Rd1 
Rd4 42.Bc2 Rc4 43.Bb3 Rc3 44.Rdc1 Rxc1+ 45.Rxc1 Re4 46.Rc4 Re7 47.Rc1 Re5 
48.Re1 Rf5 49.Re2 Rf4 50.Bc2 Rc4 51.f3 Bd6 52.h3 Rc3 53.Ke1 Bf4 54.Bd1 Ra3
55.Rc2 Be3 56.Ke2 Ke5 57.Rb2 Bc5 58.Rb1 Ra2+ 59.Kf1 Rf2+ 60.Ke1 Rxg2 61.
Be2 Kf4 62.Bf1 Ra2 63.Bc4 Rxa4 64.Bxf7 h4 65.Bd5 Rd4 66.Be4 Kg3 67.Bf5 a4 
68.Bg4 a3 69.Ra1 Bb4+ 70.Ke2 Rd2+ 71.Ke3 Rb2 72.Be6 Bc5+ 73.Ke4 Rxb5 74.
Bg4 Ra5 75.Be6 Ra4+ 76.Kd3 Rd4+ 77.Ke2 Rd6 78.Bg4 b5 79.Bf5 b4 80.Bc2 Bd4 
81.Rd1 a2 0-1

[Event "2021 WA Open"]
[Site "Leeming, Perth WA"]
[Date "2021.06.13"]
[Round "5"]
[White "Bultman, Grant"]
[Black "Milovanovic, Stevica"]
[Result "1-0"]
[WhiteElo "1473"]
[BlackElo "1430"]
[EventDate "2021.05.16"]

1.e4 d5 2.e5 Bf5 3.d4 e6 4.Nf3 c5 5.Bb5+ Nc6 6.O-O Be7 7.c3 a6 8.Bd3 Be4 
9.Be3 Qb6 10.b3 f6 11.exf6 Nxf6 12.Ng5 Nd8 13.Nxe4 dxe4 14.Bc4 O-O 15.Nd2 
Nd5 16.Nxe4 Nxe3 17.fxe3 cxd4 18.cxd4 Nf7 19.Qg4 e5 20.Qh5 Bf6 21.Nxf6+ 
gxf6 22.Rf3 Kg7 23.Rg3+ Ng5 24.h4 h6 25.hxg5 fxg5 26.dxe5 Qc7 27.Rd1 Rae8 
28.Rd6 Re7 29.Qxh6# 1-0

[Event "2021 WA Open"]
[Site "Leeming, Perth WA"]
[Date "2021.06.13"]
[Round "5"]
[White "Dharmapuri, Kundan"]
[Black "Al-Shabib, Whamid"]
[Result "1-0"]
[WhiteElo "1526"]
[BlackElo "1591"]
[EventDate "2021.05.16"]

1.e4 c5 2.Nf3 d6 3.d4 cxd4 4.Nxd4 g6 5.Nc3 Bg7 6.f3 a6 7.Be3 Nf6 8.Qd2 h5 
9.Bc4 Qc7 10.Bb3 Nc6 11.O-O-O Na5 12.Kb1 Nxb3 13.cxb3 Bd7 14.Rc1 Bc6 15.
Nd5 Qd8 16.Nxc6 bxc6 17.Bb6 Qc8 18.Nc7+ Kf8 19.Nxa8 Qxa8 20.e5 Nd5 21.exd6
Bh6 22.dxe7+ Ke8 23.Qd4 Kxe7 24.Rce1+ Kd7 25.Bc5 Bg5 26.Re5 Bf6 27.Rxd5+ 
cxd5 28.Qxf6 Qe8 29.Qd6+ Kc8 30.Bb6 Qd7 31.Rc1+ 1-0

[Event "2021 WA Open"]
[Site "Leeming, Perth WA"]
[Date "2021.06.13"]
[Round "5"]
[White "Saxon, Marc"]
[Black "Hernandez Mendez, Iker"]
[Result "1/2-1/2"]
[WhiteElo "1793"]
[BlackElo "1419"]
[EventDate "2021.05.16"]

1.e4 c5 2.Nf3 d6 3.d4 cxd4 4.Nxd4 Nf6 5.Nc3 g6 6.Be3 Bg7 7.f3 O-O 8.Bc4 
Nc6 9.Qd2 Bd7 10.h4 Rc8 11.Bb3 h5 12.O-O-O Ne5 13.Bh6 Nc4 14.Bxc4 Rxc4 15.
Bxg7 Kxg7 16.Qg5 Nh7 17.Qd2 Qa5 18.Kb1 Nf6 19.Rhe1 Rfc8 20.Nd5 Qxd2 21.
Rxd2 Nxd5 22.exd5 Kf6 23.b3 R4c5 24.Rde2 Re8 25.c4 b5 26.Rc1 bxc4 27.bxc4 
Bf5+ 28.Nxf5 Kxf5 29.Re4 Rb8+ 30.Kc2 Rbc8 31.Kd3 e5 32.dxe6 fxe6 33.g4+ 
Kf6 34.Rce1 Re8 35.Rf4+ Ke7 36.Rb1 Rec8 37.Rb7+ R8c7 38.Rb8 Rc8 39.Rb2 
R8c6 40.Re4 d5 41.Rb7+ Kd6 42.cxd5 Rxd5+ 43.Ke3 e5 44.Rxa7 Rc3+ 45.Kf2 
Rdd3 46.Ra6+ Kd5 47.Ra5+ Kd6 48.gxh5 Rxf3+ 49.Ke2 gxh5 50.Rexe5 Rh3 51.
Rxh5 Rhe3+ 52.Kd2 Red3+ 53.Ke2 Re3+ 54.Kf2 Rf3+ 55.Kg2 Rg3+ 56.Kh2 Rh3+ 
57.Kg2 Rhg3+ 58.Kf2 Rgf3+ 59.Ke2 Rfe3+ 60.Kd2 1/2-1/2

[Event "2021 WA Open"]
[Site "Leeming, Perth WA"]
[Date "2021.06.13"]
[Round "5"]
[White "Clarke, Daniel"]
[Black "Elkington, Derek"]
[Result "0-1"]
[WhiteElo "1404"]
[BlackElo "1895"]
[EventDate "2021.05.16"]

1.e4 c5 2.Nf3 e6 3.d4 cxd4 4.Nxd4 Qb6 5.Nb3 Qc7 6.Nc3 a6 7.Bd3 Nc6 8.a3 
Nf6 9.O-O b5 10.f4 Qa7+ 11.Kh1 h5 12.Be2 d6 13.Bf3 Bb7 14.Qe2 Rc8 15.Be3 
Qb8 16.Rad1 Be7 17.Rd2 g6 18.f5 gxf5 19.exf5 e5 20.Nd5 Nxd5 21.Bxd5 Bf6 
22.Bf3 Rg8 23.Bxc6+ Bxc6 24.Qxh5 Qb7 25.Qe2 Bxg2+ 26.Qxg2 Rxg2 27.Rxg2 
Rxc2 28.Rf2 Rxf2 29.Bxf2 Qf3 30.Nc1 Bg5 31.Na2 e4 32.h4 e3 33.Be1 Bf4 34.
Nc3 Qf1+ 35.Rg1 Qh3# 0-1

[Event "2021 WA Open"]
[Site "Leeming, Perth WA"]
[Date "2021.06.13"]
[Round "5"]
[White "Gao, Oscar"]
[Black "Falasca, Valerio"]
[Result "0-1"]
[WhiteElo "1859"]
[BlackElo "2104"]
[EventDate "2021.05.16"]

1.e4 c5 2.Nf3 Nc6 3.Bb5 d6 4.d4 cxd4 5.Nxd4 Bd7 6.Nc3 e5 7.Nb3 a6 8.Be2 
Nf6 9.Bg5 Be6 10.Qd2 Be7 11.f4 O-O 12.f5 Bxb3 13.axb3 b5 14.Bf3 b4 15.Ne2 
Qc7 16.g4 Rac8 17.O-O a5 18.Rfd1 d5 19.exd5 Bc5+ 20.Be3 Qb6 21.Bxc5 Qxc5+ 
22.Kh1 e4 23.dxc6 exf3 24.Qd4 Qxc6 25.Rg1 fxe2+ 26.Rg2 Rcd8 27.Qg1 Nxg4 
28.Re1 Rd1 29.h3 Ne3 30.Kh2 Qxg2+ 31.Qxg2 Nxg2 32.Rxe2 Nf4 33.Re5 Nh5 34.
Rxa5 Re8 35.Kg2 Rd2+ 36.Kf3 Rxc2 37.Rb5 Rxb2 38.Rxb4 g6 39.Kg4 Rbe2 40.Kg5
Kg7 41.fxg6 hxg6 42.Rb7 Rg2+ 0-1

[Event "2021 WA Open"]
[Site "Leeming, Perth WA"]
[Date "2021.06.13"]
[Round "5"]
[White "King, David"]
[Black "Laubbacher, Jamie"]
[Result "0-1"]
[WhiteElo "1908"]
[BlackElo "2196"]
[EventDate "2021.05.16"]

1.e4 c5 2.Nf3 Nc6 3.d4 cxd4 4.Nxd4 Nf6 5.Nc3 e5 6.Ndb5 d6 7.Bg5 a6 8.Na3 
b5 9.Nd5 Be7 10.Bxf6 Bxf6 11.c4 b4 12.Nc2 O-O 13.g3 a5 14.Bg2 Be6 15.O-O 
Bg5 16.h4 Bh6 17.b3 Rb8 18.Qd3 Qd7 19.Rad1 Rbd8 20.Kh2 f5 21.exf5 Bxf5 22.
Be4 Kh8 23.Bxf5 Rxf5 24.g4 Bf4+ 25.Kg2 Rf7 26.f3 e4 27.Qxe4 Re8 28.Qd3 Ne5
29.Nb6 Nxd3 30.Nxd7 Re2+ 31.Kg1 Rxc2 32.Rxd3 Rxd7 33.Rf2 Rc3 34.Rxc3 bxc3 
35.Re2 Kg8 36.Kf1 Bd2 0-1

[Event "2021 WA Open"]
[Site "Leeming, Perth WA"]
[Date "2021.06.13"]
[Round "5"]
[White "Mukhedkar, Sanjay"]
[Black "McAteer, Ian"]
[Result "1/2-1/2"]
[WhiteElo "1637"]
[BlackElo "1817"]
[EventDate "2021.05.16"]

1.e4 c6 2.d4 d5 3.Nc3 dxe4 4.Nxe4 Nf6 5.Nxf6+ exf6 6.Bc4 Bd6 7.Nf3 O-O 8.
O-O Bg4 9.Qd3 Bc7 10.c3 Qd6 11.g3 Qd7 12.Nh4 Be6 13.Ng2 Bxc4 14.Qxc4 Re8 
15.Bd2 Na6 16.Rfe1 Bd6 17.Re3 Nc7 18.Rae1 Nd5 19.Re4 Rxe4 20.Rxe4 f5 21.
Re1 f4 22.Qe2 fxg3 23.fxg3 Nf6 24.Qf3 Rf8 25.Ne3 Qh3 26.Nf5 Bb8 27.Re2 Qh5
28.Qf1 Re8 29.Rxe8+ Nxe8 30.h3 f6 31.Kg2 Qf7 32.b3 Qd5+ 33.Qf3 Qe6 34.Qg4 
Qd5+ 35.Kh2 Kf8 36.c4 Qd8 37.Qe4 g6 38.Bh6+ Kf7 39.d5 cxd5 40.cxd5 gxf5 
41.Qxf5 Kg8 42.Qe6+ Kh8 43.Qf7 Bd6 44.Qxb7 Qe7 45.Qxe7 Bxe7 46.Bf4 Kg7 47.
Kg2 f5 48.g4 Kg6 49.Kf3 fxg4+ 50.hxg4 Bd6 51.g5 Kf5 52.Be3 a6 53.Bd2 Nc7 
54.b4 Nxd5 55.a3 Be7 56.Kg3 Bxg5 57.Be1 h5 58.a4 h4+ 59.Kh3 Nf4+ 60.Kh2 
Kg4 61.b5 axb5 62.axb5 Nd3 63.Ba5 Bf4+ 64.Kh1 h3 65.Bb6 Nc1 66.Bd8 Be3 67.
b6 Bxb6 68.Bxb6 Ne2 69.Bc7 Nd4 70.Bd8 1/2-1/2

[Event "2021 WA Open"]
[Site "Leeming, Perth WA"]
[Date "2021.06.13"]
[Round "5"]
[White "Roebuck, Derek"]
[Black "Prunty, Jon"]
[Result "1-0"]
[WhiteElo "1801"]
[BlackElo "1522"]
[EventDate "2021.05.16"]

1.e4 c6 2.d4 d5 3.Nd2 dxe4 4.Nxe4 Bf5 5.Ng3 Bg6 6.h4 h6 7.Nf3 Nd7 8.Bc4 
Ngf6 9.Qe2 e6 10.Ne5 Nxe5 11.dxe5 Nd5 12.O-O Be7 13.h5 Bh7 14.Bb3 Qc7 15.
a3 Nb6 16.Rd1 Nd5 17.c4 Nb6 18.Bf4 Nd7 19.Ba2 a5 20.Bb1 Nc5 21.Bxh7 Rxh7 
22.b4 Na6 23.c5 Qc8 24.Ne4 Nc7 25.Nd6+ Bxd6 26.exd6 Nd5 27.Be5 Kd7 28.Qg4 
Qf8 29.Qe4 f5 30.Qh4 Qf7 31.f4 Ne3 32.Rd3 Ng4 33.bxa5 Rxa5 34.Qe7+ Qxe7 
35.dxe7+ Kxe7 36.Rad1 Nxe5 37.fxe5 Rxc5 38.Rd7+ Ke8 39.Rd8+ 1-0

[Event "2021 WA Open"]
[Site "Leeming, Perth WA"]
[Date "2021.06.13"]
[Round "5"]
[White "Barry, David"]
[Black "Muruganandam, Virudhagiri"]
[Result "1/2-1/2"]
[WhiteElo "1838"]
[BlackElo "1326"]
[EventDate "2021.05.16"]

1.e4 e5 2.Nf3 Nc6 3.Bb5 a6 4.Ba4 Nf6 5.O-O Be7 6.Re1 b5 7.Bb3 O-O 8.a4 Bb7
9.d3 d6 10.c3 Nd7 11.Nbd2 Nc5 12.d4 Nxa4 13.Bxa4 bxa4 14.Qxa4 Kh8 15.d5 
Nb8 16.Nb3 f5 17.Na5 Bc8 18.Nc6 Nxc6 19.Qxc6 Bd7 20.Qc4 Bb5 21.Qb3 fxe4 
22.Rxe4 c6 23.Re3 cxd5 24.Qxd5 Rc8 25.b3 Qd7 26.c4 Bc6 27.Qd1 Qb7 28.Qe2 
Ra8 29.Bd2 h6 30.Ne1 Bh4 31.Nf3 Bf6 32.Ne1 Rf7 33.f3 e4 34.Bc3 exf3 35.
Nxf3 Raf8 36.Bxf6 Rxf6 37.Rf1 Qb6 38.Kh1 Qb7 39.Nd2 Rxf1+ 40.Nxf1 d5 ( 
40...Bxg2+ ) 41.Nd2 dxc4 42.bxc4 a5 43.Re7 Bxg2+ 44.Kg1 Bf3 45.Qe5 Qb6+ 
46.c5 Qg6+ 47.Qg3 Qxg3+ 48.hxg3 Bg4 49.Ra7 Rd8 50.Ne4 Rd4 51.Nf2 Bf3 52.
Rxa5 Rc4 53.Nd3 Rc3 54.Ne5 Bd5 55.Kf2 Kh7 56.Nd7 1/2-1/2

[Event "2021 WA Open"]
[Site "Leeming, Perth WA"]
[Date "2021.06.13"]
[Round "5"]
[White "Howard, Mark"]
[Black "Zhang, Emily"]
[Result "0-1"]
[WhiteElo "1474"]
[BlackElo "1042"]
[EventDate "2021.05.16"]

1.e4 e5 2.Nf3 Nc6 3.d4 exd4 4.Nxd4 Bc5 5.Be3 Qf6 6.c3 Qg6 7.Nd2 Nf6 8.Nxc6
Bxe3 9.fxe3 dxc6 10.Qf3 O-O 11.h3 Re8 12.Bd3 Qh5 13.Qxh5 Nxh5 14.O-O Nf6 
15.Bc4 Be6 16.Bxe6 Rxe6 17.Rad1 h6 18.Rf4 Rd8 19.Rff1 Rde8 20.e5 Rxe5 21.
Nc4 Re4 22.Rd4 Rxd4 23.exd4 Re2 24.Rf2 Re1+ 25.Rf1 Rxf1+ 26.Kxf1 Ne4 27.
Na5 Nd6 28.Ke2 Kf8 29.Kd3 Ke8 30.c4 Kd7 31.c5 b6 32.cxd6 bxa5 33.dxc7 Kxc7
34.a4 Kd6 35.Ke4 Ke6 36.g4 g5 37.b3 f6 38.Kf3 Kd5 39.Ke3 c5 40.dxc5 Kxc5 
41.Kd3 Kd5 42.Ke3 Ke5 43.Ke2 f5 44.gxf5 Kxf5 45.Kf3 h5 46.Ke3 g4 47.h4 Ke5
48.Kf2 Kd4 0-1

[Event "2021 WA Open"]
[Site "Leeming, Perth WA"]
[Date "2021.06.13"]
[Round "5"]
[White "Gupta, Anoushka"]
[Black "Hurst, Benjamin"]
[Result "0-1"]
[WhiteElo "414"]
[BlackElo "1780"]
[EventDate "2021.05.16"]

1.e4 e5 2.Nf3 Nc6 3.Nc3 Nf6 4.Bb5 Bc5 5.Nxe5 Bxf2+ 6.Kxf2 Nxe5 7.Rf1 c6 8.
Be2 b5 9.Kg1 b4 10.Na4 O-O 11.d4 Ng6 12.Bg5 Qa5 13.Nc5 d6 14.Bxf6 dxc5 15.
Be5 Rd8 16.Qe1 cxd4 17.Bg3 Be6 18.Bd3 Ne5 19.Bxe5 Qxe5 20.Qxb4 c5 21.Qd2 
c4 22.Be2 Rab8 23.b3 cxb3 24.cxb3 Qxe4 25.Rf4 Qe5 26.Raf1 Rbc8 27.Ba6 Rc6 
28.Bb7 Rc7 29.Re1 Qc5 30.Bf3 Qc3 31.Qxc3 dxc3 32.Rc1 Rd2 33.Bg4 Bxg4 34.
Rxg4 c2 35.Rf4 Rd1+ 36.Rf1 Rxc1 37.Rxc1 Kf8 38.Kf2 Ke7 39.Ke2 Kf6 40.Kd2 
Kg5 41.Rxc2 Rxc2+ 42.Kxc2 Kf4 43.Kd2 Ke4 44.Ke2 Kd4 45.Kd2 f5 46.a3 g5 47.
a4 h5 48.a5 a6 49.g3 g4 50.b4 Kc4 51.Ke3 Kxb4 52.Kf4 Kxa5 53.Kxf5 Kb5 54.
Ke4 a5 55.Kd3 a4 56.Kc3 Kc5 57.Kb2 Kd4 58.Ka3 Ke3 59.Kxa4 Kf2 60.Kb3 Kg2 
61.Kc2 Kxh2 62.Kd1 Kxg3 63.Ke1 Kg2 0-1

[Event "2021 WA Open Championship"]
[Site "Leeming, Perth WA"]
[Date "2021.06.13"]
[Round "5"]
[White "Gong, Patrick"]
[Black "Fu, Yihe (Rebo)"]
[Result "1-0"]
[WhiteElo "2483"]
[BlackElo "2140"]
[EventDate "2021.05.16"]

1.e4 e6 2.d4 d5 3.Nd2 dxe4 4.Nxe4 Bd7 5.Nf3 Bc6 6.Bd3 Nd7 7.O-O Ngf6 8.Ng3
Bxf3 9.Qxf3 c6 10.a4 a5 11.c3 Bd6 12.Bg5 h6 13.Bd2 Qc7 14.Bc2 g5 15.c4 g4 
16.Qe2 h5 17.c5 Be7 18.Rfe1 b6 19.Nf5 Nd5 20.Bb3 N7f6 21.Nxe7 Kxe7 22.Bg5 
bxc5 23.Bxd5 cxd5 24.Qe5 Qxe5 25.dxe5 Rhb8 26.Rab1 Rb4 27.b3 Rab8 28.exf6+
Kd7 29.Bd2 Rxb3 30.Rxb3 Rxb3 31.Bxa5 c4 32.Kf1 Ra3 33.Rb1 Rxa4 34.Bc3 Kc6 
35.Rb8 Ra7 36.Bd4 Rc7 37.Ke2 Kd6 38.f4 gxf3+ 39.gxf3 Kd7 40.Kd2 Rc8 41.
Rxc8 Kxc8 42.Kc3 Kc7 43.f4 Kd6 44.Kb4 Kc6 45.h4 Kc7 46.Kc5 Kd7 47.Be5 1-0

[Event "2021 WA Open"]
[Site "Leeming, Perth WA"]
[Date "2021.06.13"]
[Round "5"]
[White "Hintz, Steven"]
[Black "Huang, Hui"]
[Result "1/2-1/2"]
[WhiteElo "1472"]
[BlackElo "1573"]
[EventDate "2021.05.16"]

1.e4 Nf6 2.e5 Nd5 3.d4 d6 4.c4 Nb6 5.f4 Bf5 6.Nc3 e6 7.Nf3 dxe5 8.fxe5 Nc6
9.Bg5 Be7 10.Bxe7 Qxe7 11.Bd3 Bxd3 12.Qxd3 O-O-O 13.Ne2 Qb4+ 14.Nd2 Nxe5 
15.Qb3 Qxb3 16.axb3 Nc6 17.Nf3 h6 18.Kf2 g5 19.Rhd1 a6 20.h3 f6 21.Ne1 h5 
22.Nc2 f5 23.h4 Rdg8 24.hxg5 Rxg5 25.Nf4 Rh6 26.Re1 Nd8 27.Re3 Kd7 28.Rd1 
c6 29.Ne1 Rg4 30.Kf3 h4 31.Ned3 Rg3+ 32.Kf2 Rxe3 33.Kxe3 Ke7 34.Rh1 Nd7 
35.g3 h3 36.Rxh3 Rxh3 37.Nxh3 Kf6 38.Kf4 Nf7 39.g4 fxg4 40.Kxg4 e5 41.
dxe5+ Nfxe5+ 42.Nxe5 Nxe5+ 43.Kf4 Nd3+ 44.Ke4 Nc5+ 45.Kd4 Nxb3+ 46.Kc3 Nc5
47.Kb4 b6 48.Nf4 Ke5 49.Ne2 Nd3+ 50.Kc3 Nf4 51.Nd4 Kd6 52.b3 Ne6 53.Nf5+ 
Ke5 54.Ne3 Ke4 55.Nc2 a5 56.Na3 Ke3 57.Nb1 Ke2 58.Nd2 Nc5 59.Nb1 Ne4+ 60.
Kc2 Nc5 61.Nc3+ Ke1 62.Nb1 Ne4 63.Kd3 Nf2+ 64.Kc2 Nd1 65.Na3 Ke2 66.Nb1 
Ne3+ 67.Kc3 Kd1 68.Kb2 Nc2 69.Nc3+ Kd2 70.Na4 b5 71.cxb5 cxb5 72.Nc5 Nb4 
73.Nb7 Nc6 74.Nc5 Kd1 75.Nb7 1/2-1/2